Štátny rozpočet a podniková sféra

Finančné zaťaženie podnikovej sféry. Potreba prehodnotenia celkovej štruktúry štátneho rozpočtu. Finančný výhľad štátneho rozpočtu ako podmienka odhadovania podnikateľského prostredia. Dôsledky presunu kompetencií na samosprávne orgány pre podnikovú sféru. Ďalší vývoj vzťahu štátneho rozpočtu a podn...

Descripción completa

Guardado en:
Detalles Bibliográficos
Autor principal: Staněk, Peter
Formato: Capítulo de libro
Lenguaje:eslovaco
Materias:
Etiquetas: Agregar Etiqueta
Sin Etiquetas, Sea el primero en etiquetar este registro!

MARC

LEADER 00000naa a2200000 4500
001 r042785
005 20230929073802.2
041 0 |a slo 
044 |a SK 
245 1 0 |a Štátny rozpočet a podniková sféra  |c Peter Stanek 
520 |a Finančné zaťaženie podnikovej sféry. Potreba prehodnotenia celkovej štruktúry štátneho rozpočtu. Finančný výhľad štátneho rozpočtu ako podmienka odhadovania podnikateľského prostredia. Dôsledky presunu kompetencií na samosprávne orgány pre podnikovú sféru. Ďalší vývoj vzťahu štátneho rozpočtu a podnikateľskej sféry. 
610 2 0 |a rozpočet štátny 
610 2 0 |a podnik 
610 2 0 |a prostredie podnikateľské 
610 2 0 |a zaťaženie daňové 
610 2 0 |a úver bankový 
610 2 0 |a ceny služieb 
610 2 0 |a príjmy rozpočtu štátneho 
610 2 0 |a výdavky rozpočtu štátneho 
610 2 0 |a samospráva miestna 
610 2 0 |a Slovensko 
100 1 |a Staněk, Peter